UM Logo

Health promotion: (Record no. 4526)

MARC details
000 -LEADER
fixed length control field 00616nam a2200181 4500
008 - FIXED-LENGTH DATA ELEMENTS--GENERAL INFORMATION
fixed length control field 160915b xxu||||| |||| 00| 0 eng d
020 ## - INTERNATIONAL STANDARD BOOK NUMBER
International Standard Book Number 0702024481
082 ## - DEWEY DECIMAL CLASSIFICATION NUMBER
Edition number 2000
Classification number DC 353.6274
Item number N14
100 ## - MAIN ENTRY--PERSONAL NAME
9 (RLIN) 14585
Personal name Naidoo, Jennie
245 ## - TITLE STATEMENT
Title Health promotion:
Remainder of title foundations for practice/
Statement of responsibility, etc. Jennie Naidoo and Jane Wills.
250 ## - EDITION STATEMENT
Edition statement 2nd edition
260 ## - PUBLICATION, DISTRIBUTION, ETC. (IMPRINT)
Place of publication, distribution, etc. Edinburgh:
Name of publisher, distributor, etc. Royal College of Nursing,
Date of publication, distribution, etc. c2000.
300 ## - PHYSICAL DESCRIPTION
Extent xii, 400 pages:
Other physical details illustrations;
Dimensions 27 cm.
500 ## - GENERAL NOTE
General note Includes bibliographical references and index.
650 #0 - SUBJECT ADDED ENTRY--TOPICAL TERM
9 (RLIN) 14586
Topical term or geographic name as entry element Health
700 ## - ADDED ENTRY--PERSONAL NAME
9 (RLIN) 14587
Personal name Wills, Jane
Relator term Author
942 ## - ADDED ENTRY ELEMENTS (KOHA)
Source of classification or shelving scheme Dewey Decimal Classification
Koha item type Circulation
Holdings
Withdrawn status Lost status Source of classification or shelving scheme Damaged status Not for loan Collection code Home library Current library Date acquired Total Checkouts Full call number Barcode Date last seen Copy number Price effective from Koha item type
    Dewey Decimal Classification     Circulation UM Digos College - LIC UM Digos College - LIC     DC 353.6274 N14 2000 15107 05/15/2025 1 09/15/2016 Circulation